| 000 | 00495ntaaa2200193 4500 | ||
|---|---|---|---|
| 003 | 01 | ||
| 005 | 20251027202052.0 | ||
| 008 | 0714s1973 ag 01 | ||
| 040 |
_aAR-BaBN _bspa _cAR-BaBN _eaacr _dRIC |
||
| 082 | _a252.0000 Em4a | ||
| 100 |
_aEmil, Lant _919266 |
||
| 245 | _aAz éter hullámain át | ||
| 250 | _a1 ed. | ||
| 260 |
_aKiado : _bEvangeliumi, _c150 p |
||
| 300 | _a19 cm | ||
| 500 | _aSermones radiales de Lant Emil en Hungaro | ||
| 650 |
_asermones radiales _914618 |
||
| 942 | _cBK | ||
| 999 |
_c15513 _d15513 |
||